Các yếu tố ảnh hưởng đến ý định vay vốn mua xe ô tô của người tiêu dùng ở các ngân hàng thương mại tại thành phố Cần Thơ : Luận văn tốt nghiệp Cao học. Chuyên ngành Tài chính - Ngân hàng
Xác định các yếu tố ảnh hưởng đến ý định vay vốn mua ô tô của người tiêu dùng ở các ngân hàng thương mại tại thành phố Cần Thơ, từ đó đưa ra một số khuyến nghị liên quan đến việc vay vốn mua xe ô tô....
Sparad:
| Huvudupphovsman: | |
|---|---|
| Materialtyp: | Bok |
| Språk: | Undetermined |
| Publicerad: |
Cần Thơ
Trường Đại học Cần Thơ
2019
|
| Ämnen: | |
| Taggar: |
Lägg till en tagg
Inga taggar, Lägg till första taggen!
|
| Thư viện lưu trữ: | Trung tâm Học liệu Trường Đại học Cần Thơ |
|---|
| LEADER | 01280nam a2200217Ia 4500 | ||
|---|---|---|---|
| 001 | CTU_231838 | ||
| 008 | 210402s9999 xx 000 0 und d | ||
| 082 | |a 332.12 | ||
| 082 | |b Tr121 | ||
| 088 | |a 8340201 | ||
| 100 | |a Nguyễn, Lệ Trân | ||
| 245 | 0 | |a Các yếu tố ảnh hưởng đến ý định vay vốn mua xe ô tô của người tiêu dùng ở các ngân hàng thương mại tại thành phố Cần Thơ : | |
| 245 | 0 | |b Luận văn tốt nghiệp Cao học. Chuyên ngành Tài chính - Ngân hàng | |
| 245 | 0 | |c Nguyễn Lệ Trân ; Nguyễn Thiện Phong (Cán bộ hướng dẫn) | |
| 260 | |a Cần Thơ | ||
| 260 | |b Trường Đại học Cần Thơ | ||
| 260 | |c 2019 | ||
| 520 | |a Xác định các yếu tố ảnh hưởng đến ý định vay vốn mua ô tô của người tiêu dùng ở các ngân hàng thương mại tại thành phố Cần Thơ, từ đó đưa ra một số khuyến nghị liên quan đến việc vay vốn mua xe ô tô. | ||
| 650 | |a Banks and banking,Ngân hàng và nghiệp vụ ngân hàng | ||
| 910 | |b nthai | ||
| 980 | |a Trung tâm Học liệu Trường Đại học Cần Thơ | ||